000 00441nam a2200193Ia 4500
005 20250423101015.0
008 250422s9999 xx 000 0 und d
020 _a978-0-07-175133-9
050 _aQA 276.12 .G44/
100 _aStan Gibilisco
245 0 _aStatistics: DeMYSTiFieD
250 _a2nd ed.
260 _aNew York
260 _bMcGraw Hill
260 _c2011
300 _a375 p
650 _aMathematics
942 _cBK
999 _c35001
_d35001